[Event "Druga liga Srbije grupa Vojvod"]
[Site "Sombor"]
[Date "2009.10.03"]
[Round "10.1"]
[White "Mozetic, Dejan"]
[Black "Balog, Imre"]
[Result "0-1"]
[WhiteElo "2421"]
[BlackElo "2464"]
[PlyCount "74"]
[EventDate "2009.09.27"]

1. Nf3 d5 2. d4 c6 3. c4 Nf6 4. e3 e6 5. Nbd2 Nbd7 6. b3 Bd6 7. Bb2 O-O 8. Bd3
Qe7 9. Ne5 c5 10. O-O cxd4 11. exd4 Ba3 12. Bxa3 Qxa3 13. Qc2 dxc4 14. bxc4 Rd8
15. Nb3 b6 16. f4 a5 17. Rae1 Qd6 18. c5 Qc7 19. c6 Nf8 20. a4 Nd5 21. Bb5 f6
22. Nc4 Ba6 23. f5 exf5 24. Qxf5 Bc8 25. Qf3 Be6 26. Nbd2 Bf7 27. Ne3 Rac8 28.
Nf5 Kh8 29. Qg4 Be6 30. Nc4 g6 31. Rxe6 Nxe6 32. Ng3 Ndf4 33. Re1 f5 34. Qh4
Kg7 35. Ne3 Qf7 36. d5 Nxd5 37. Nxd5 Rxd5 0-1

[Event "Druga liga Srbije grupa Vojvod"]
[Site "Sombor"]
[Date "2009.10.03"]
[Round "10.1"]
[White "Dekic, Josip"]
[Black "Miranovic, Rajko"]
[Result "0-1"]
[WhiteElo "2323"]
[BlackElo "2385"]
[PlyCount "56"]
[EventDate "2009.09.27"]

1. e4 e5 2. Nf3 Nc6 3. Bc4 Bc5 4. c3 Nf6 5. d3 d6 6. Bb3 a6 7. O-O Ba7 8. Nbd2
O-O 9. h3 Be6 10. Nc4 h6 11. Re1 Rc8 12. Be3 b5 13. Ncd2 Bxe3 14. Rxe3 d5 15.
Re1 Qe7 16. exd5 Bxd5 17. Ne4 Rfd8 18. Nxf6+ Qxf6 19. Bxd5 Rxd5 20. Qe2 Rcd8
21. c4 Rxd3 22. cxb5 axb5 23. Rac1 R3d5 24. Qc2 Nb4 25. Qb3 Nd3 26. Rcd1 c6 27.
Rf1 e4 28. Ne1 Nc5 0-1

[Event "Druga liga Srbije grupa Vojvod"]
[Site "Sombor"]
[Date "2009.10.03"]
[Round "10.1"]
[White "Radonjanin, Vlastimir"]
[Black "Jotic, Vladimir"]
[Result "0-1"]
[WhiteElo "2289"]
[BlackElo "2323"]
[PlyCount "125"]
[EventDate "2009.09.27"]

1. c4 g6 2. g3 Bg7 3. Bg2 e5 4. Nc3 Nc6 5. d3 d6 6. Nf3 Nge7 7. Rb1 f5 8. Bd2
O-O 9. Qc1 f4 10. gxf4 Nf5 11. h4 h5 12. fxe5 Nxe5 13. Nxe5 dxe5 14. Bd5+ Kh8
15. Bg5 Qd7 16. Be4 c6 17. Rg1 Qf7 18. Bxf5 Bxf5 19. Qe3 Kh7 20. Rg2 b5 21.
cxb5 cxb5 22. Qc5 e4 23. d4 e3 24. Bxe3 Bxb1 25. Nxb1 Qxa2 26. Qc2 Qe6 27. Rg5
Rf5 28. Nc3 Rxg5 29. Bxg5 Qg4 30. e3 Qg1+ 31. Ke2 Rf8 32. Ne4 Qg4+ 33. Kd3 Rc8
34. Qb3 Qf5 35. f3 Rc4 36. Ke2 a5 37. Bf4 a4 38. Qd3 Kh8 39. Nc3 Rb4 40. Qd2
Rb3 41. Ne4 Qh3 42. Bg3 b4 43. Bf2 a3 44. bxa3 bxa3 45. Qa5 Qf5 46. Qa8+ Qf8
47. Qd5 Rb2+ 48. Kd3 Qxf3 49. Qa8+ Qf8 50. Qa4 Rxf2 51. Nxf2 Qxf2 52. Qxa3 Qxh4
53. d5 Qf6 54. Qb4 Qf5+ 55. e4 Qf3+ 56. Kd2 Bh6+ 57. Kc2 Qf2+ 58. Kb3 Qf3+ 59.
Kc2 Bf8 60. Qd4+ Bg7 61. Qb4 Qf4 62. Qe7 Qf6 63. Qe8+ 0-1

[Event "Druga liga Srbije grupa Vojvod"]
[Site "Sombor"]
[Date "2009.10.03"]
[Round "10.1"]
[White "Tokovic, Svetozar"]
[Black "Rogac, Srdjan"]
[Result "1/2-1/2"]
[WhiteElo "2236"]
[BlackElo "2289"]
[PlyCount "37"]
[EventDate "2009.09.27"]

1. e4 c5 2. Nf3 Nc6 3. d4 cxd4 4. Nxd4 Qc7 5. Nc3 e6 6. Be3 a6 7. Be2 Nf6 8.
O-O Bb4 9. Na4 Be7 10. Nxc6 bxc6 11. Nb6 Rb8 12. Nxc8 Rxc8 13. e5 Nd5 14. Bd4
c5 15. c4 cxd4 16. cxd5 Qxe5 17. Bf3 O-O 18. b3 d6 19. Rc1 {dalje necitko}
1/2-1/2

[Event "Druga liga Srbije grupa Vojvod"]
[Site "Sombor"]
[Date "2009.10.03"]
[Round "10.1"]
[White "Jovic, Stevan"]
[Black "Strangar, Zlatko"]
[Result "1-0"]
[WhiteElo "2284"]
[BlackElo "2192"]
[PlyCount "88"]
[EventDate "2009.09.27"]

1. d4 Nf6 2. c4 g6 3. Nc3 Bg7 4. e4 d6 5. Be2 O-O 6. Nf3 Nbd7 7. O-O e5 8. Re1
Qe7 9. d5 c5 10. a3 a5 11. h3 Ne8 12. g4 h6 13. Nh2 Ndf6 14. Kg2 Nh7 15. Nf1
Qh4 16. Ng3 Bf6 17. Na4 Bd8 18. Bd2 Ng7 19. Rh1 b6 20. Qc1 Rb8 21. b4 axb4 22.
axb4 f5 23. f3 Rb7 24. Nc3 Rbf7 25. Be1 Qe7 26. bxc5 bxc5 27. Ra8 Qb7 28. Qa1
Bg5 29. Nb5 Qc7 30. Ra7 Qd8 31. Rxf7 Rxf7 32. Qa8 Rf8 33. Qb8 Ne8 34. exf5 gxf5
35. Nxf5 Bxf5 36. Qxd8 Bxd8 37. gxf5 Rxf5 38. Bd3 Rf4 39. Bd2 Rh4 40. Ra1 Nhf6
41. Ra6 Be7 42. Bc1 Rh5 43. h4 Kf7 44. Ra7 Nh7 1-0

[Event "Druga liga Srbije grupa Vojvod"]
[Site "Sombor"]
[Date "2009.10.03"]
[Round "10.2"]
[White "Cirjanic, Velibor"]
[Black "Jesenski, Tibor"]
[Result "1/2-1/2"]
[WhiteElo "2186"]
[BlackElo "2289"]
[PlyCount "27"]
[EventDate "2009.09.27"]

1. e4 e5 2. Nf3 Nc6 3. Bb5 a6 4. Ba4 Nf6 5. O-O Be7 6. Re1 b5 7. Bb3 O-O 8. c3
d5 9. exd5 Nxd5 10. Nxe5 Nxe5 11. Rxe5 Nf6 12. Re1 Bd6 13. h3 Ng4 14. d4
1/2-1/2

[Event "Druga liga Srbije grupa Vojvod"]
[Site "Sombor"]
[Date "2009.10.03"]
[Round "10.2"]
[White "Tancik, Kristijan"]
[Black "Pavlovic, Nenad"]
[Result "0-1"]
[WhiteElo "2251"]
[BlackElo "2190"]
[PlyCount "152"]
[EventDate "2009.09.27"]

1. d4 Nf6 2. c4 e6 3. Nc3 Bb4 4. Qc2 O-O 5. a3 Bxc3+ 6. Qxc3 b6 7. Bg5 Bb7 8.
e3 Re8 9. Ne2 d6 10. Qd3 Nbd7 11. Nc3 a6 12. Be2 h6 13. Bxf6 Qxf6 14. O-O Qg5
15. f3 e5 16. e4 exd4 17. Qxd4 Nc5 18. Rad1 Ne6 19. Qd2 Nf4 20. g3 Qc5+ 21. Kh1
Nxe2 22. Qxe2 f5 23. Nd5 fxe4 24. fxe4 b5 25. Qg4 Bxd5 26. cxd5 Re7 27. Rd2
Rae8 28. Re2 Qc4 29. Rfe1 c6 30. dxc6 Qxc6 31. Qf3 Re5 32. Kg2 Qc4 33. Qc3 Qxc3
34. bxc3 Rc8 35. Re3 Rec5 36. Rc1 Kf7 37. Kf3 Ke6 38. Ke2 Rc4 39. Kd2 Ra4 40.
Ra1 Rcc4 41. Kd3 Ke5 42. Rf3 Rxe4 43. Raf1 Rec4 44. Re1+ Kd5 45. Rc1 Rc7 46.
Rf5+ Kc6 47. Kc2 Re7 48. Kb3 Re2 49. Rf7 g5 50. Rf6 Rd2 51. Rxh6 g4 52. Rc2
Rxc2 53. Kxc2 Re4 54. Kb3 a5 55. Rh8 a4+ 56. Kc2 Re2+ 57. Kd3 Ra2 58. Rc8+ Kb7
59. Rg8 Rxh2 60. c4 Ra2 61. Rxg4 Rxa3+ 62. Kc2 b4 63. Kb2 Rc3 64. Rd4 Kc6 65.
g4 Kc5 66. Rd5+ Kxc4 67. Rxd6 a3+ 68. Ka2 Rc2+ 69. Kb1 Kb3 70. Rd3+ Rc3 71. Rd1
Rg3 72. g5 Rxg5 73. Rd3+ Kc4 74. Rd8 Rg1+ 75. Ka2 Rg2+ 76. Kb1 b3 0-1

[Event "Druga liga Srbije grupa Vojvod"]
[Site "Sombor"]
[Date "2009.10.03"]
[Round "10.2"]
[White "Kotrla, Sebastijan"]
[Black "Pletl, Akos"]
[Result "1/2-1/2"]
[WhiteElo "2052"]
[BlackElo "2219"]
[PlyCount "79"]
[EventDate "2009.09.27"]

1. c4 c6 2. Nc3 d5 3. cxd5 cxd5 4. d4 g6 5. Nf3 Bg7 6. Bf4 Nf6 7. h3 O-O 8. e3
a6 9. Bd3 Nc6 10. a3 Bd7 11. O-O Na5 12. b4 Nc4 13. Qe2 b5 14. a4 Qb6 15. a5
Qb7 16. Rac1 Rfc8 17. Nd2 Bc6 18. Nb3 Nd7 19. e4 e6 20. e5 Re8 21. Bg3 Bh6 22.
f4 Rac8 23. Bh4 Rc7 24. g4 Qc8 25. g5 Bf8 26. Na2 Bb7 27. Bf2 Nb8 28. Be1 Nc6
29. h4 Qd7 30. Bc3 Rec8 31. Qf2 Be7 32. Kh2 Qd8 33. Kg3 h6 34. Kg4 Qf8 35. Nc5
h5+ 36. Kg3 Rb8 37. Rfd1 Bc8 38. Rb1 Bxc5 39. dxc5 Bb7 40. Bd4 1/2-1/2

[Event "Druga liga Srbije grupa Vojvod"]
[Site "Sombor"]
[Date "2009.10.03"]
[Round "10.2"]
[White "Guzsvany, Arpad"]
[Black "Kotrla, Stefan"]
[Result "1-0"]
[WhiteElo "2130"]
[BlackElo "1923"]
[PlyCount "79"]
[EventDate "2009.09.27"]

1. d4 Nf6 2. c4 e6 3. Nc3 d5 4. Nf3 Be7 5. Bf4 O-O 6. e3 Nbd7 7. c5 c6 8. Bd3
b6 9. b4 a5 10. a3 Ba6 11. O-O Bxd3 12. Qxd3 Nh5 13. Ne5 Nxe5 14. Bxe5 f6 15.
Bg3 axb4 16. axb4 b5 17. Ne2 Qd7 18. Qc3 Qb7 19. Bd6 g6 20. Bxe7 Qxe7 21. Ra3
Qb7 22. Rfa1 Ng7 23. R1a2 Nf5 24. Qa1 Rxa3 25. Rxa3 Rf7 26. Ra8+ Kg7 27. Qa5
Rc7 28. g4 Nh4 29. Nf4 Re7 30. Qd8 Kh6 31. Qf8+ Kg5 32. f3 Nxf3+ 33. Kg2 Nxh2
34. Kxh2 Rf7 35. Nxe6+ Kxg4 36. Qh6 Kf3 37. Qf4+ Ke2 38. Ra2+ Kd3 39. Ra3+ Kc4
40. Qf1+ 1-0

[Event "Druga liga Srbije grupa Vojvod"]
[Site "Sombor"]
[Date "2009.10.03"]
[Round "10.3"]
[White "Andrijevic, Milan"]
[Black "Vujadinovic, Goran"]
[Result "0-1"]
[WhiteElo "2377"]
[BlackElo "2367"]
[PlyCount "48"]
[EventDate "2009.09.27"]

1. e4 d6 2. d4 g6 3. Nf3 Nf6 4. Nc3 Bg7 5. Be2 O-O 6. O-O c6 7. h3 Qc7 8. Be3
Nbd7 9. a4 b6 10. Nd2 a6 11. f4 e6 12. e5 Ne8 13. Nce4 Bb7 14. c4 c5 15. dxc5
Nxc5 16. Nxd6 Nxd6 17. exd6 Qxd6 18. Qc2 Bd4 19. Bxd4 Qxd4+ 20. Kh1 Rad8 21.
Rad1 Qe3 22. Bf3 Bxf3 23. Rxf3 Qe2 24. Kg1 Ne4 0-1

[Event "Druga liga Srbije grupa Vojvod"]
[Site "Sombor"]
[Date "2009.10.03"]
[Round "10.3"]
[White "Stanojevic, Branko"]
[Black "Popovic, Milos T"]
[Result "1/2-1/2"]
[WhiteElo "2285"]
[BlackElo "2401"]
[PlyCount "26"]
[EventDate "2009.09.27"]

1. d4 Nf6 2. Nf3 c5 3. d5 g6 4. Nc3 Bg7 5. e4 O-O 6. Be2 d6 7. O-O e6 8. Bg5
exd5 9. exd5 Na6 10. Nd2 Nc7 11. Nf3 Bf5 12. Nh4 Bc8 13. Qd2 a6 1/2-1/2

[Event "Druga liga Srbije grupa Vojvod"]
[Site "Sombor"]
[Date "2009.10.03"]
[Round "10.3"]
[White "Radlovacki, Jovan"]
[Black "Kolognat, Petar"]
[Result "1-0"]
[WhiteElo "2379"]
[BlackElo "2305"]
[PlyCount "78"]
[EventDate "2009.09.27"]

1. d4 d5 2. Nf3 Nc6 3. Bf4 Bf5 4. c3 Qd7 5. e3 f6 6. Nbd2 g5 7. Bg3 h5 8. h4 g4
9. Ng1 e5 10. Bb5 Bd6 11. e4 dxe4 12. d5 Nge7 13. dxc6 bxc6 14. Ba4 Bg6 15. Nc4
O-O 16. Qd2 Kg7 17. Rd1 Rad8 18. Ne2 Qe6 19. Bb3 Qc8 20. Qc1 Nd5 21. O-O Qa6
22. Rfe1 Rde8 23. a3 f5 24. Nxd6 cxd6 25. c4 Qb6 26. cxd5 Qxb3 27. dxc6 d5 28.
c7 f4 29. Nxf4 exf4 30. Bxf4 Kh7 31. Bd6 Rg8 32. Re3 Qb5 33. a4 Qb7 34. Rd4 Bf5
35. Qc5 Be6 36. Rexe4 dxe4 37. Qxh5+ Kg7 38. Be5+ Kf8 39. Qh6+ Ke7 1-0

[Event "Druga liga Srbije grupa Vojvod"]
[Site "Sombor"]
[Date "2009.10.03"]
[Round "10.3"]
[White "Bogic, Stevan"]
[Black "Kostic, Vladimir V"]
[Result "1/2-1/2"]
[WhiteElo "2256"]
[BlackElo "2296"]
[PlyCount "159"]
[EventDate "2009.09.27"]

1. e4 c5 2. Nc3 Nc6 3. f4 g6 4. Nf3 Bg7 5. Bc4 e6 6. O-O Nge7 7. d3 O-O 8. Qe1
d5 9. Bb3 Nd4 10. Nxd4 cxd4 11. Ne2 Nc6 12. Ng3 Re8 13. Qf2 f5 14. Bd2 Kh8 15.
Rae1 dxe4 16. dxe4 Bd7 17. exf5 exf5 18. Rxe8+ Qxe8 19. Re1 Qf8 20. h4 Bf6 21.
h5 Re8 22. hxg6 hxg6 23. Nh1 Kg7 24. Qg3 Qd6 25. Rxe8 Bxe8 26. Nf2 Qe7 27. Nd3
Bf7 28. Qe1 Bxb3 29. Qxe7+ Bxe7 30. axb3 Kf7 31. Kf2 Ke6 32. Kf3 Kd5 33. g4 a5
34. g5 b5 35. Ke2 Bd6 36. Kf3 a4 37. bxa4 bxa4 38. Ke2 a3 39. bxa3 Bxa3 40. Kf3
Bd6 41. Ne1 Bb4 42. Ke2 Bxd2 43. Kxd2 Nd8 44. Kd3 Ne6 45. Ng2 Nc5+ 46. Ke2 Ke4
47. Nh4 Kxf4 48. Nxg6+ Kxg5 49. Ne5 Kf4 50. Nf3 Ne6 51. Nd2 Ke5 52. Nc4+ Kd5
53. Nd2 Nf4+ 54. Kf3 Ng6 55. Ke2 Ne5 56. Kf2 Kc5 57. Kg3 Ng6 58. Nf3 Kc4 59.
Kh3 Nf4+ 60. Kh4 Ne6 61. Kh5 Kd5 62. Nd2 Ke5 63. Kg6 f4 64. Kh5 Kf5 65. Nf3 Ke4
66. Kg4 Ke3 67. Ne1 Kd2 68. Nf3+ Ke3 69. Ne1 Nc5 70. Ng2+ Kd2 71. Nxf4 Kxc2 72.
Kf5 Kd2 73. Ke5 Ke3 74. Nd5+ Kd3 75. Nf4+ Kc4 76. Kf5 Nd7 77. Ke6 Nc5+ 78. Kf5
Nb3 79. Kg4 Nd2 80. Ne6 1/2-1/2

[Event "Druga liga Srbije grupa Vojvod"]
[Site "Sombor"]
[Date "2009.10.03"]
[Round "10.4"]
[White "Bogosavljevic, Boban"]
[Black "Somborski, Nebojsa"]
[Result "1-0"]
[WhiteElo "2528"]
[BlackElo "2379"]
[PlyCount "109"]
[EventDate "2009.09.27"]

1. Nf3 d5 2. g3 Bg4 3. Bg2 Nd7 4. O-O c6 5. b3 Ngf6 6. Bb2 e6 7. d3 Bd6 8. Nbd2
O-O 9. Qe1 e5 10. e4 Re8 11. h3 Bh5 12. Nh4 a5 13. a3 Rc8 14. Nf5 Bf8 15. Nf3
a4 16. Nd2 b5 17. Kh2 Bg6 18. bxa4 bxa4 19. Ne3 Rb8 20. Rb1 Bc5 21. exd5 Bxe3
22. dxc6 Bxd2 23. Qxd2 Nc5 24. Qe3 Qd6 25. Bc3 Rxb1 26. Rxb1 Nd5 27. Bxd5 Qxd5
28. Rb5 Qxc6 29. Rxc5 Qd7 30. Rxe5 f6 31. Rxe8+ Bxe8 32. Bb4 h6 33. Qe7 Qc6 34.
Qf8+ Kh7 35. Qc5 Qb7 36. Qe7 Qc8 37. Bc5 Bg6 38. Kg2 h5 39. f3 Qc6 40. Kf2 Qd5
41. Ke2 Qg5 42. Qc7 Qc1 43. Bf8 Qh6 44. h4 Bf5 45. Qf4 Qg6 46. Kd2 Bd7 47. Bd6
Bc6 48. Bc5 Qe8 49. Qf5+ Kg8 50. Bd4 Qa8 51. g4 hxg4 52. fxg4 Qd8 53. Qe6+ Kh8
54. Qxc6 Qxd4 55. Qa8+ 1-0

[Event "Druga liga Srbije grupa Vojvod"]
[Site "Sombor"]
[Date "2009.10.03"]
[Round "10.4"]
[White "Bodiroga, Predrag"]
[Black "Toth, Aleksandar"]
[Result "1-0"]
[WhiteElo "2410"]
[BlackElo "2307"]
[PlyCount "95"]
[EventDate "2009.09.27"]

1. d4 d5 2. c4 e6 3. Nc3 Be7 4. Nf3 Nf6 5. g3 O-O 6. Bg2 c6 7. Qd3 Na6 8. a3 c5
9. cxd5 exd5 10. O-O h6 11. Bf4 Be6 12. Rad1 Qc8 13. Qb1 b6 14. Rc1 Bh3 15.
Rfd1 Bxg2 16. Kxg2 Qb7 17. Be5 Rfd8 18. Qf5 Rac8 19. e3 Qd7 20. Nh4 c4 21. Qxd7
Rxd7 22. Nf5 Bd8 23. Bxf6 Bxf6 24. e4 dxe4 25. Nxe4 Be7 26. Nxe7+ Rxe7 27. Nd6
Rc6 28. Nxc4 Rec7 29. b3 b5 30. d5 Rc5 31. d6 Rd7 32. Na5 Rxc1 33. Rxc1 Rxd6
34. Rc6 Rxc6 35. Nxc6 Kf8 36. Nxa7 b4 37. axb4 Nxb4 38. Kf3 Ke7 39. Ke4 Ke6 40.
Nb5 f5+ 41. Kd4 g5 42. Kc4 Na6 43. f4 gxf4 44. gxf4 Kf6 45. Nd4 Kg6 46. h3 Kf6
47. b4 Nb8 48. Kd5 1-0

[Event "Druga liga Srbije grupa Vojvod"]
[Site "Sombor"]
[Date "2009.10.03"]
[Round "10.4"]
[White "Krstic, Petar"]
[Black "Lalic, Dragan"]
[Result "1-0"]
[WhiteElo "2333"]
[BlackElo "2353"]
[PlyCount "103"]
[EventDate "2009.09.27"]

1. e4 d6 2. d4 g6 3. Nc3 Nf6 4. Bg5 c6 5. f4 b5 6. Bd3 Nbd7 7. e5 b4 8. Nce2
Nd5 9. Qd2 f6 10. Bh4 Bh6 11. Nf3 dxe5 12. dxe5 Nxe5 13. Nxe5 fxe5 14. Bg5 Bxg5
15. fxg5 Qb6 16. O-O-O Qe3 17. Ng3 Bg4 18. Qxe3 Nxe3 19. Rd2 Nf5 20. Nxf5 Bxf5
21. Re1 Bxd3 22. Rxd3 Rf8 23. Rde3 Rf5 24. Rxe5 Rxe5 25. Rxe5 a5 26. Re3 Ra7
27. c3 Rd7 28. cxb4 axb4 29. Rh3 e6 30. Kc2 c5 31. Kb3 Kf8 32. a4 bxa3 33. bxa3
Rd2 34. a4 Rxg2 35. a5 Rg4 36. Ka3 Rb4 37. Rb3 Rd4 38. a6 Rd1 39. Rb2 Rd3+ 40.
Ka4 Rd1 41. Ra2 Rd8 42. a7 Ke7 43. Kb5 Ra8 44. Kxc5 Kd7 45. Kb6 e5 46. Kb7
Rxa7+ 47. Kxa7 Ke6 48. Rf2 e4 49. Kb6 Ke5 50. Kc5 e3 51. Re2 Ke4 52. Kc4 1-0

[Event "Druga liga Srbije grupa Vojvod"]
[Site "Sombor"]
[Date "2009.10.03"]
[Round "10.4"]
[White "Damjanovic, Dragan"]
[Black "Stajic, Petar"]
[Result "0-1"]
[WhiteElo "2255"]
[BlackElo "2193"]
[PlyCount "140"]
[EventDate "2009.09.27"]

1. d4 Nf6 2. c4 g6 3. Nc3 d5 4. Nf3 Bg7 5. Qb3 dxc4 6. Qxc4 O-O 7. e4 Na6 8.
Be2 c5 9. d5 e6 10. O-O exd5 11. exd5 Re8 12. Be3 Bf5 13. Rad1 Qb6 14. b3 Ne4
15. Nxe4 Rxe4 16. Qc1 Ree8 17. Rd2 Rac8 18. h3 Rxe3 19. fxe3 Bh6 20. Rb2 Re8
21. Kh1 Bxe3 22. Qd1 Qf6 23. Bb5 Rd8 24. Re2 Bf4 25. Re8+ Rxe8 26. Bxe8 Nc7 27.
Re1 Qd8 28. g4 Bc8 29. Qe2 Qxd5 30. Rd1 Qe6 31. Qxe6 Bxe6 32. Bd7 Bd5 33. Kg2
a6 34. Kf2 Kf8 35. Re1 b5 36. Ne5 c4 37. bxc4 bxc4 38. Bc6 Be6 39. Nxc4 Bxc4
40. Re4 Bxa2 41. Rxf4 Be6 42. Ra4 Kg7 43. Kg3 h6 44. Bb7 Kf6 45. Ra5 Ke7 46. h4
Kd6 47. h5 Ke7 48. g5 hxg5 49. h6 Kf8 50. Rc5 Ne8 51. Bc8 Nd6 52. Bxe6 Ne4+ 53.
Kg4 Nxc5 54. h7 Kg7 55. Bxf7 Kxh7 56. Kxg5 Ne4+ 57. Kf4 Nd6 58. Bb3 Kh6 59. Ke5
Ne8 60. Bf7 Ng7 61. Kd5 g5 62. Kc5 g4 63. Kb6 Kg5 64. Kxa6 Kf4 65. Kb6 Nf5 66.
Bd5 Nd4 67. Kc5 Ke3 68. Kd6 Nf3 69. Be6 g3 70. Bh3 Kf2 0-1

[Event "Druga liga Srbije grupa Vojvod"]
[Site "Sombor"]
[Date "2009.10.03"]
[Round "10.4"]
[White "Donevski, Darko"]
[Black "Vukic, Radivoj"]
[Result "1/2-1/2"]
[WhiteElo "2140"]
[BlackElo "2350"]
[PlyCount "97"]
[EventDate "2009.09.27"]

1. Nf3 Nf6 2. c4 b6 3. g3 c5 4. Bg2 Bb7 5. O-O e6 6. Nc3 Be7 7. Re1 d6 8. e4 a6
9. d4 cxd4 10. Nxd4 Qc7 11. Be3 O-O 12. Rc1 Re8 13. f4 Bf8 14. Bf2 h5 15. Bf3
g6 16. h3 Nbd7 17. g4 hxg4 18. hxg4 Rac8 19. b3 e5 20. Nde2 exf4 21. Nxf4 Bh6
22. Bg3 Qc5+ 23. Kg2 Qg5 24. Qxd6 Ne5 25. Ncd5 Bxd5 26. Nxd5 Nfxg4 27. Bxg4
Nxg4 28. Qf4 Qxf4 29. Bxf4 Bxf4 30. Nxf4 Rcd8 31. Nd5 Re6 32. Kg3 Ne5 33. Rcd1
Rc8 34. a4 Kg7 35. Re2 a5 36. Rh2 Rh8 37. Rxh8 Kxh8 38. Kf4 f6 39. Nxf6 Nxc4
40. bxc4 Rxf6+ 41. Ke5 Kg7 42. Rd7+ Rf7 43. Rd6 Rb7 44. Kd5 g5 45. e5 g4 46. e6
Kf6 47. e7+ Kxe7 48. Rg6 Rd7+ 49. Ke4 1/2-1/2

[Event "Druga liga Srbije grupa Vojvod"]
[Site "Sombor"]
[Date "2009.10.03"]
[Round "10.4"]
[White "Strbac, Mladen"]
[Black "Zivkovic, Negosim"]
[Result "1/2-1/2"]
[WhiteElo "2259"]
[BlackElo "2240"]
[PlyCount "162"]
[EventDate "2009.09.27"]

1. e4 c5 2. Nf3 d6 3. d4 cxd4 4. Qxd4 Nc6 5. Bb5 Bd7 6. Bxc6 bxc6 7. O-O Qb6 8.
Qd3 e5 9. Nbd2 Rd8 10. Nc4 Qc7 11. Bd2 Be6 12. Ba5 Bxc4 13. Qc3 Qb7 14. Qxc4
Rd7 15. Qd3 Nf6 16. c4 Be7 17. Qe2 O-O 18. b3 Re8 19. c5 dxc5 20. Nxe5 Rd4 21.
f3 Bd8 22. Bxd8 Rexd8 23. Rac1 Nd7 24. Nxd7 Qxd7 25. Rc2 h6 26. Rfc1 Qd6 27.
Qe1 a5 28. Rxc5 Rd2 29. R5c2 Qd4+ 30. Kh1 Rxc2 31. Rxc2 Qd1 32. Rc1 Qxe1+ 33.
Rxe1 Rd2 34. h4 Rxa2 35. Rc1 Rb2 36. Rc3 Kf8 37. Kh2 Ke7 38. Rxc6 Rxb3 39. Ra6
Ra3 40. h5 Ra1 41. Kg3 a4 42. Ra7+ Ke6 43. Kf4 a3 44. Ra6+ Kd7 45. Ra7+ Ke6 46.
Ra6+ Kd7 47. Kf5 a2 48. e5 Rh1 49. Ra7+ Ke8 50. Rxa2 Rxh5+ 51. Ke4 Rh4+ 52. Kd5
Rb4 53. Ra7 Rb5+ 54. Kd6 Rb6+ 55. Kc5 Rb1 56. e6 Rc1+ 57. Kd4 Rd1+ 58. Kc3 Rc1+
59. Kd2 Rb1 60. g4 fxe6 61. Rxg7 Rh1 62. Rh7 Kf8 63. Ke2 Kg8 64. Re7 h5 65. g5
h4 66. Rxe6 h3 67. Rh6 h2 68. Kf2 Rg1 69. Rxh2 Rxg5 70. Rh6 Kg7 71. Ra6 Rb5 72.
Kg3 Rc5 73. Kg4 Rb5 74. Re6 Kf7 75. Rh6 Kg7 76. Rc6 Kf7 77. f4 Ra5 78. Rc7+ Kf6
79. Rc4 Rb5 80. f5 Rb1 81. Rc6+ Kf7 1/2-1/2

[Event "Druga liga Srbije grupa Vojvod"]
[Site "Sombor"]
[Date "2009.10.03"]
[Round "10.6"]
[White "Elez, Nikola"]
[Black "Vlatkovic, Milos"]
[Result "1-0"]
[WhiteElo "2179"]
[BlackElo "2302"]
[PlyCount "161"]
[EventDate "2009.09.27"]

1. e4 c5 2. b3 d6 3. Bb2 Nf6 4. Bxf6 gxf6 5. Qh5 Nc6 6. Bb5 Bd7 7. Nc3 Nd4 8.
Bxd7+ Qxd7 9. O-O-O e6 10. Nge2 O-O-O 11. Nxd4 cxd4 12. Ne2 e5 13. c4 Kb8 14.
Ng3 Qc7 15. d3 d5 16. exd5 Rxd5 17. Qf3 Rd6 18. Nf5 Ra6 19. Rd2 Bb4 20. Rc2 Re8
21. Ng3 Rg8 22. Kd1 Rg6 23. Ke2 Re6 24. Rd1 Re8 25. Kf1 Reg8 26. Re2 Qd7 27.
Qh5 h6 28. f3 Bf8 29. Qf5 Qxf5 30. Nxf5 h5 31. h4 Kc8 32. c5 Kd7 33. Rc1 Be7
34. Rc4 Rc8 35. b4 Bf8 36. a4 a5 37. Kf2 axb4 38. Rxb4 Rc7 39. Reb2 Bxc5 40.
Rxb7 Rg8 41. Ng3 Be7 42. a5 Ra8 43. Nf5 Bd8 44. g4 Rxa5 45. gxh5 Rxb7 46. Rxb7+
Bc7 47. h6 Ra8 48. Kg2 Rh8 49. Kh3 Kc6 50. Rb2 Ba5 51. Kg4 Bc3 52. Rg2 Bb4 53.
Kh5 Bf8 54. Ra2 Kb7 55. Ra1 Bc5 56. Ra2 Kc6 57. Ra5 Bb6 58. Ra4 Bc5 59. Ra2 Kb7
60. f4 exf4 61. Kg4 Bf8 62. Kh5 Bc5 63. Rf2 Kc6 64. Rxf4 Kd5 65. Re4 Rf8 66. h7
Rh8 67. Re1 Rxh7+ 68. Kg4 Rh8 69. h5 Bd6 70. Ra1 Rg8+ 71. Kh4 Rh8 72. Ra5+ Bc5
73. h6 Kc6 74. Kg4 Rg8+ 75. Kf4 Bd6+ 76. Nxd6 Kxd6 77. Rh5 Ke6 78. h7 Rh8 79.
Rh6 Kd7 80. Kf5 Ke7 81. Rh4 1-0

[Event "Druga liga Srbije grupa Vojvod"]
[Site "Sombor"]
[Date "2009.10.03"]
[Round "10.6"]
[White "Mijatovic, Dejan"]
[Black "Indjic, Aleksandar"]
[Result "1-0"]
[WhiteElo "2283"]
[BlackElo "2119"]
[PlyCount "103"]
[EventDate "2009.09.27"]

1. d4 c5 2. e3 Nf6 3. Nf3 g6 4. Be2 Bg7 5. O-O O-O 6. b3 cxd4 7. exd4 d5 8. c4
Nc6 9. Nc3 Bg4 10. Bb2 Rc8 11. c5 Ne4 12. Na4 f6 13. a3 Bxf3 14. Bxf3 Ng5 15.
Be2 e5 16. dxe5 fxe5 17. Bg4 Rc7 18. h4 Nf7 19. g3 Re7 20. b4 e4 21. Bxg7 Kxg7
22. b5 Nce5 23. Qd4 Kg8 24. Be2 g5 25. Nc3 Rd7 26. Rad1 gxh4 27. Nxd5 Qg5 28.
Qxe4 Rfd8 29. g4 Nxg4 30. f4 Nf2+ 31. fxg5 Nxe4 32. Bc4 Kg7 33. c6 bxc6 34.
bxc6 Rd6 35. c7 Rf8 36. Ne7 Rxd1 37. Rxd1 Nfd6 38. Ba6 Re8 39. Nf5+ Nxf5 40.
Rd8 Nxg5 41. c8=Q Re5 42. Rg8+ Kh6 43. Qc1 Ng3 44. Kg2 Kh5 45. Qd1+ Kh6 46. Qg4
Nh5 47. Bd3 h3+ 48. Kh2 Nf6 49. Qh4+ Nh5 50. Qf2 Ne6 51. Qf7 Neg7 52. Rxg7 1-0

[Event "Druga liga Srbije grupa Vojvod"]
[Site "Sombor"]
[Date "2009.10.03"]
[Round "10.6"]
[White "Pezelj, Sinisa"]
[Black "Sevo, Dusan"]
[Result "0-1"]
[WhiteElo "2057"]
[BlackElo "2268"]
[PlyCount "101"]
[EventDate "2009.09.27"]

1. Nf3 g6 2. c4 Bg7 3. Nc3 d6 4. g3 Nf6 5. Bg2 O-O 6. d4 Nc6 7. O-O Bg4 8. h3
Bxf3 9. Bxf3 Nd7 10. e3 e5 11. d5 Ne7 12. e4 f5 13. b4 Kh8 14. a4 Ng8 15. Ba3
Qe7 16. Rc1 Ngf6 17. c5 a6 18. a5 fxe4 19. Bxe4 Bh6 20. Rc2 Nxe4 21. Nxe4 Nf6
22. cxd6 cxd6 23. Nxf6 Rxf6 24. Bc1 Bxc1 25. Qxc1 Rf7 26. Qh6 Qf6 27. Rfc1 Raf8
28. Qe3 Qf5 29. g4 Qf6 30. Rc8 Rxc8 31. Rxc8+ Kg7 32. Rc3 h6 33. Qb6 e4 34. Rc7
Qe5 35. Rxf7+ Kxf7 36. Qxb7+ Kf6 37. Qb6 Qxd5 38. b5 e3 39. fxe3 Qd1+ 40. Kf2
Qd2+ 41. Kf3 Qd1+ 42. Ke4 Ke6 43. Qc6 axb5 44. Qe8+ Kf6 45. Qf8+ Ke6 46. Qg8+
Kf6 47. Qa2 b4 48. a6 b3 49. Qb2+ Ke6 50. a7 g5 51. Qxb3+ 0-1

[Event "Druga liga Srbije grupa Vojvod"]
[Site "Sombor"]
[Date "2009.10.03"]
[Round "10.6"]
[White "Levnajic, Pavle"]
[Black "Subotic, Srbislav"]
[Result "0-1"]
[WhiteElo "2245"]
[BlackElo "2105"]
[PlyCount "82"]
[EventDate "2009.09.27"]

1. d4 Nf6 2. c4 g6 3. Nc3 Bg7 4. e4 c5 5. d5 d6 6. Nf3 O-O 7. Be2 e6 8. Bg5
exd5 9. cxd5 Bg4 10. O-O a6 11. a4 Nbd7 12. Nd2 Bxe2 13. Qxe2 Re8 14. a5 Qc7
15. Nc4 b5 16. axb6 Nxb6 17. Rfd1 Nfd7 18. Na5 f5 19. Nc6 Bxc3 20. bxc3 Rxe4
21. Qa2 Rae8 22. f3 Ra4 23. Qd2 Ne5 24. Rxa4 Nxa4 25. Re1 Qd7 26. Nxe5 dxe5 27.
d6 Re6 28. Be7 Nb6 29. Qa2 Kg7 30. f4 e4 31. c4 Nc8 32. Qb2+ Kg8 33. Qb8 Kf7
34. Rb1 Nxe7 35. dxe7 Rxe7 36. h4 Qd4+ 37. Kh1 e3 38. Rb7 Qe4 39. Rxe7+ Qxe7
40. Qh8 Qxh4+ 41. Kg1 e2 0-1